00834nmm a2200241 a 4500003000900000005001700009008004100026040001300067245008600080250001200166260008000178300001100258500008200269610003200351650001800383650001800401650003100419651001400450700003000464700003200494700003400526700003200560AR-BaBNM20251128211431.0154020s1999 ||||||||||||||000 | spa|| cAR-BaBNM10aLa investigación en el Ciclo Básico Común de la Universidad de Buenos Aires a1ª ed. aBuenos AiresbSecretaría de Investigación. Ciclo Básico Comúnc1999 a137 p. aContiene anexo con actividades desarrolladas por la Unidad de Investigación24aUniversidad de Buenos Aires 4aUNIVERSIDADES 4aINVESTIGACION 4aPROYECTOS DE INVESTIGACION 4aArgentina1 aCallelo, Hugoecompilador1 aNeuhaus, Susanaecompilador1 aBrodsky, Patricioecompilador1 aLozano, Rubénecompilador